Aranceles y preferencias en América Latina /

Salvato in:
Dettagli Bibliografici
Autore principale: López Dardaine, Mauricio
Natura: testo
Soggetti:
Tags: Aggiungi Tag
Nessun Tag, puoi essere il primo ad aggiungerne!!

MARC

LEADER 00000 a a2200000 04500
001 13080
003
040
100 |a López Dardaine, Mauricio  
245 |a Aranceles y preferencias en América Latina /  |c Mauricio López Dardaine 
650 |a ARANCELES  
650 |a ACUERDOS ECONOMICOS  
650 |a AMERICA LATINA  
773 |g volumen 5, número 5; páginas 8-10  
999 |c 35931  |d 35931